Las Corrientes Luminosas.
Guardat en:
| Autor principal: | |
|---|---|
| Format: | Llibre |
| Publicat: |
San Felipe, Chile:
Ediciones Casa de Barro,
2020.
|
| Col·lecció: | Colección El Aromo.
|
| Matèries: | |
| Etiquetes: |
Afegir etiqueta
Sense etiquetes, Sigues el primer a etiquetar aquest registre!
|
MARC
| LEADER | 00000nam a22000007a 4500 | ||
|---|---|---|---|
| 003 | CL-VaPUC | ||
| 005 | 20240403132325.0 | ||
| 008 | 220901t2020 ||||| |||| 00| 0 eng d | ||
| 999 | |c 438597 |d 438595 | ||
| 020 | |a 978-956-401-747-1 | ||
| 040 | |c Pontificia Universidad Católica de Valparaíso | ||
| 082 | |2 22 |a Ch861 GUE 2020 | ||
| 100 | |a Guerrero Valenzuela, Claudio Mauricio |e autor |9 594000 | ||
| 245 | |a Las Corrientes Luminosas. | ||
| 260 | |a San Felipe, Chile: |b Ediciones Casa de Barro, |c 2020. | ||
| 300 | |a 65 páginas. | ||
| 490 | |a Colección El Aromo. | ||
| 500 | |a c.1-c.2. Donación Profesor Claudio Guerrero. Memo 17/2022. 22/08/2022 | ||
| 583 | |c 20220901 |k Catalogador Asistente | ||
| 650 | 0 | |9 265280 |a Poesías chilenas |y Siglo XXI | |
| 650 | 0 | |a Literatura chilena |y Siglo XXI |9 308278 | |
| 942 | |2 ddc |c BK | ||
| 952 | |0 0 |1 0 |2 ddc |4 0 |6 CH_861_000000000000000_GUE_2020 |7 0 |8 A |9 586559 |a BIBEDU |b BIBEDU |c GEN |d 2022-09-01 |e Donación |i 5654544 |o Ch861 GUE 2020 |p 5654544 |r 2022-09-01 |t 1 |w 2022-09-01 |y BK |k LIT | ||
| 952 | |0 0 |1 0 |2 ddc |4 0 |6 CH_861_000000000000000_GUE_2020 |7 0 |8 A |9 586560 |a BIBEDU |b BIBEDU |c GEN |d 2022-09-01 |e Donación |i 5654545 |l 1 |m 1 |o Ch861 GUE 2020 |p 5654545 |r 2022-12-01 |s 2022-11-17 |t 2 |w 2022-09-01 |y BK |k LIT | ||